000 00620nam a2200241Ia 4500
003 OSt
005 20221007072314.0
006 a|||||r|||| 00| 0
007 ta
008 221006b |||||||| |||| 00| 0 eng d
024 _a25,956
037 _cTextual
040 _aFLL
_cFLL
_beng
041 _2eng
_aeng
082 _aXM55:Z3, J4;K0 1
100 _aCain T. E.
_9690447
245 0 _aCompany law
250 _a7th
260 _aLondon
_bStevens & Sons Limited UK
_c1960
300 _axxxvi,424p
_ccm.
942 _hXM55:Z3, J4;K0 1
_cTEXL
_2CC
999 _c1145693
_d1145693